2021 FA Cup Final Chelsea - Leicester City - Statistics

General Stats
  • This quiz has been taken 224 times
  • The average score is 21 of 33
Answer Stats
Player % Correct
Kepa Arrizabalaga
94%
Jamie Vardy
93%
Kai Havertz
87%
N'Golo Kanté
87%
Reece James
87%
Timo Werner
86%
Ben Chilwell
85%
Kasper Schmeichel
85%
Mason Mount
85%
Thiago Silva
85%
Antonio Rüdiger
82%
César Azpilicueta
82%
Thomas Tuchel
78%
Jorginho
75%
James Maddison
74%
Youri Tielemans ¹
72%
Marcos Alonso
67%
Brendan Rodgers
64%
Jonny Evans
57%
Wilfred Ndidi
57%
Christian Pulisic
54%
Kelechi Iheanacho
54%
Çağlar Söyüncü
53%
Hakim Ziyech
52%
Wesley Fofana
50%
Callum Hudson-Odoi
42%
Timothy Castagne
42%
Ayoze Pérez
41%
Marc Albrighton
41%
Wes Morgan
41%
Luke Thomas
38%
Olivier Giroud
35%
Hamza Choudhury
9%
No matching quizzes found
Score Distribution
Percent of People with Each Score
Percentile by Number Answered
Your Score History
You have not taken this quiz